Les 2 meilleurs ailiers droit de ces grands clubs dans l'histoir - Statistiques

Statistiques générales
  • Ce quiz a été pris 63 fois
  • Le résultat moyen est 12 sur 30
Statistiques - réponses
Clubs Nationalités Joueurs % Correct
Réal Madrid Pays de Galles Gareth Bale
100%
FC Barcelone Argentine Lionel Messi
98%
Liverpool Egypte Mohamed Salah
98%
Manchester City Algérie Riyad Mahrez
88%
Manchester United Irlande du Nord George Best
81%
Paris Saint-Germain Argentine Angel Di Maria
79%
Bayern Munich Pays-Bas Arjen Robben
76%
Réal Madrid Brésil Rodrygo
76%
Bayern Munich France Kingsley Coman
71%
FC Barcelone Brésil Rivaldo
62%
Paris Saint-Germain France Ousmane Dembélé
57%
Chelsea Brésil Willian
55%
Olympique de Marseille France Florian Thauvin
41%
Inter Milan Macédoine du Nord Goran Pandev
41%
Borussia Dortmund Angleterre Jadon Sancho
40%
Chelsea Angleterre Joe Cole
28%
AC Milan Brésil Robinho
26%
Olympique Lyonnais France Serge Chiesa
22%
Olympique Lyonnais France Sidney Govou
21%
Manchester United Ecosse Denis Law
14%
Arsenal Argentine Bukayo Saka
12%
Manchester City Argentine Colin Bell
10%
Juventus Turin Italie Mauro Camoranesi
9%
Liverpool Angleterre Daniel Sturridge
3%
AC Milan Italie Roberto Donadoni
3%
Borussia Dortmund Allemagne Andreas Möller
2%
Arsenal Irlande Liam Brady
2%
Inter Milan Italie Alessandro Altobelli
0%
Juventus Turin Italie Angelo Di Livio
0%
Olympique de Marseille France Jean-Philippe Durand
0%
Aucun quiz correspondant
Distribution des résultats
% des personnes avec chaque résultat
Percentile par nombre de réponses
Votre historique - résultats
Vous n’avez pas pris ce quiz